000
00292nam a2200109Ia 4500
008
200302s9999 xx 000 0 und d
100
_a
Author
245
_a
Color Harmony A Workbook and Guide to Creative Color Combinations
260
_b
Rockport Publishers
260
_c
2001
300
_a
176 P.,
999
_c
1954
_d
1954